| 000 | 00997nam a2200253 a 4500 | ||
|---|---|---|---|
| 001 | 000044389 | ||
| 003 | DO-SdBNP | ||
| 005 | 20171019100835.0 | ||
| 007 | 000044389 | ||
| 008 | 140626s2010 dr a 000 0 spa d | ||
| 020 | _a9789945863314 | ||
| 040 |
_aBPMSU _bspa _cBPMSU |
||
| 092 |
_axxxx _bxxxx |
||
| 100 | 1 |
_aTolstói, León, _d1928-1910 |
|
| 245 | 1 | 0 |
_aCuentos para niños / _cLeón Tolstói ; editado Salomé Frías ; diagramación Emilio Pérez. |
| 260 |
_aSanto Domingo : _bkarabú, _c2010. |
||
| 300 |
_a39 p. : _bil. ; _c27 cm. |
||
| 500 | _aTítulo en la portada | ||
| 505 | 0 |
_tEl gatito -- _tLa niña y las setas -- _tEl hueso de la ciruela -- _tEl pajarito -- _tEl embustero -- _tDos camaradas -- _tLos cisnes -- _tEl elefante -- _tEl gorrión y la golondrina -- _tEl águila -- _tEl tiburón -- _tEl salto -- _tEl león y el perrito -- |
|
| 700 | 1 | 2 |
_aFrías, Salomé _eed. |
| 942 |
_2ddc _cBK |
||
| 945 | _a Inventariado infantil / 2017 VM | ||
| 956 |
_aVMATEO _b10 _c20150922 _lBPMSU _h0069 |
||
| 999 |
_c7250 _d7250 |
||